|
|
|
|
| LEADER |
00000nam a2200000 a 4500 |
| 001 |
vtls001473951 |
| 003 |
SK-MaSNL |
| 005 |
20260302002839.0 |
| 008 |
240315s2003 xo 0 und |
| 035 |
|
|
|a SNK000429253
|
| 040 |
|
|
|a SNK
|b slo
|c SNK
|e AACR2
|
| 044 |
|
|
|a xo
|c SK
|
| 100 |
1 |
|
|a Macášek, Fedor,
|d 1937-2015
|4 aut
|9 235329
|
| 245 |
1 |
|
|a Magnetický sorbent na odstraňovanie mobilného rádionuklidu cézia zo suspencií. B01D 59/00
|b patentové spisy
|
| 260 |
|
|
|a Banská Bystrica
|b Úrad priemyselného vlastníctva SR
|c 2003
|
| 655 |
|
7 |
|a patentové spisy
|2 SNK
|9 63387
|
| 999 |
|
|
|c 989613
|d 991543
|
| 952 |
|
|
|t P60, <03>, [BOOK], {603}
|a SNK
|b SNK
|y PREZ
|7 0
|p 17A0426624
|o snkSK 283459
|i snkPS 112/2004
|0 0
|1 0
|4 0
|d 2004-04-28
|l 0
|r 2005-01-02 00:00:00
|w 2026-02-24
|